000 00708am a2200277a 44500
003 AR-BaBNM
005 20251128211153.0
008 103020s1992 #AR|||||||||||000 | spa||
020 _a950-9822-20-X
040 _cAR-BaBNM
100 1 _aFrondizi, Arturo
245 1 0 _aLa nación argentina y sus fuerzas armadas
260 _aBuenos Aires
_bCírculo Militar
_c1992
300 _a109 p.
490 0 _aBiblioteca del oficial
650 4 _aPARTIDOS POLITICOS ARGENTINOS
650 4 _aPOLITICA
650 4 _aFUERZAS ARMADAS
650 4 _aDEFENSA
650 4 _aSEGURIDAD DEL ESTADO
650 4 _aGEOPOLITICA
650 4 _aTERRORISMO
651 4 _aArgentina
942 _cBK
998 _cMariana
999 _c18559
_d18559